La vida altiva de Valle Inclán

Wedi'i Gadw mewn:
Manylion Llyfryddiaeth
Prif Awdur: Madrid, Francisco (autor)
Fformat: Llyfr
Iaith:Sbaeneg
Cyhoeddwyd: Buenos Aires Poseidón 1943
Cyfres:Biografías de Ayer y de Hoy
Pynciau:
Tagiau: Ychwanegu Tag
Dim Tagiau, Byddwch y cyntaf i dagio'r cofnod hwn!

MARC

LEADER 00000nam a2200000 a 4500
001 UCZ8273
003 CL-VaPUC
008 960119e19430000AG |||||||||||||||||spa|d
082 0 4 |a 928  |b MAD  |2 21 
100 |a Madrid, Francisco  |e autor  |9 602438 
245 1 3 |a La vida altiva de Valle Inclán 
300 |a 387 p 
942 |c BK 
945 |d 19960119 00:00:00  |a rleighto 
260 |a Buenos Aires  |b Poseidón  |c 1943 
600 0 7 |a VALLE INCLAN, RAMON DEL  |2 CL-VaPUC  |9 315482 
650 0 |a Biografías  |9 255210 
650 0 |a Escritores  |9 313723 
583 |a last modification  |c 19960119 00:00:00  |k Rodrigo Vera 
490 0 |a Biografías de Ayer y de Hoy 
999 |c 244208  |d 244206 
952 |0 0  |1 0  |4 0  |6 928_000000000000000_MAD_1943  |7 0  |8 A  |9 258189  |a BIBEDU  |b BIBEDU  |d 2019-11-19  |i 3170209  |o 928 MAD 1943  |p 3170209  |r 2019-11-19  |w 2019-11-19  |y BK  |k LIT